[Event "Koge Xtracon op"]
[Site "Koge"]
[Date "2013.10.18"]
[Round "5"]
[White "Molvig, Julius"]
[Black "Bengtsson, Tage"]
[Result "1-0"]
[WhiteElo "1893"]
[BlackElo "2099"]
[PlyCount "71"]
[EventDate "2013.10.14"]
[EventType "swiss"]
[EventRounds "9"]
[EventCountry "DEN"]
[SourceTitle "EXT 2014"]
[Source "ChessBase"]
[SourceDate "2013.11.20"]
[SourceVersion "1"]
[SourceVersionDate "2013.11.20"]
[SourceQuality "1"]

1. d4 d5 2. c4 e6 3. Nc3 c5 4. cxd5 exd5 5. Nf3 Nc6 6. g3 Nf6 7. Bg2 Be7 8. 0-0 0-0 9. Be3 cxd4 10. Nxd4 Re8 11. a3 Bg4 12. Qb3 Na5 13. Qa2 Nc4 14. Nxd5 Nxe3 15. fxe3 Bh5 16. Nf4 Qa5 17. Bxb7 Bd6 18. Bxa8 Rxa8 19. Nxh5 Qxh5 20. Nf3 Bc5 21. b4 Bxe3+ 22. Kg2 Re8 23. Qc4 Bb6 24. Rfe1 Re4 25. Qc8+ Re8 26. Qc6 Re6 27. Qb7 g5 28. e4 Qg6 29. Qc8+ Kg7 30. Qc3 g4 31. Nh4 Qg5 32. Rad1 Re5 33. Nf5+ Rxf5 34. exf5 Qh5 35. Rf1 Qh3+ 36. Kh1 1-0

[Event "Politiken Cup 35th"]
[Site "Helsingor"]
[Date "2013.08.03"]
[Round "9"]
[White "Molvig, Julius"]
[Black "Andreasen, Jakup a Rogvi"]
[Result "1/2-1/2"]
[WhiteElo "1889"]
[BlackElo "2008"]
[PlyCount "92"]
[EventDate "2013.07.27"]
[EventType "swiss"]
[EventRounds "10"]
[EventCountry "DEN"]
[SourceTitle "CBM 155 Extra"]
[Source "ChessBase"]
[SourceDate "2013.08.26"]
[SourceVersion "1"]
[SourceVersionDate "2013.08.26"]
[SourceQuality "1"]

1. d4 Nf6 2. c4 d6 3. Nc3 g6 4. e4 Bg7 5. Nf3 0-0 6. Be2 e5 7. 0-0 Nc6 8. d5 Ne7 9. b4 Ne8 10. c5 f5 11. Ng5 fxe4 12. Ngxe4 Bf5 13. Bg4 Nf6 14. Bxf5 Nxf5 15. Ng5 Nd4 16. Ne2 dxc5 17. Nxd4 cxd4 18. Ne6 Qd6 19. Nxf8 Rxf8 20. Qb3 Qxd5 21. Qxd5+ Nxd5 22. Bd2 e4 23. Rac1 Re8 24. Rfd1 e3 25. fxe3 dxe3 26. Be1 c6 27. g3 e2 28. Rd3 Bh6 29. Rc2 Be3+ 30. Kg2 Bb6 31. Kf3 g5 32. Rb2 Ne3 33. g4 Nd5 34. Rc2 Rf8+ 35. Ke4 Rf4+ 36. Ke5 Rf1 37. Rxd5 cxd5 38. Rxe2 d4 39. Bg3 d3 40. Rd2 Bc7+ 41. Ke4 Bxg3 42. hxg3 Kf7 43. Rxd3 Ke6 44. a3 Ra1 45. Kd4 Re1 46. Rc3 Rd1+ 1/2-1/2

[Event "Politiken Cup 35th"]
[Site "Helsingor"]
[Date "2013.07.29"]
[Round "4"]
[White "Marthedal, Anton Mehmet Yildiz"]
[Black "Molvig, Julius"]
[Result "0-1"]
[WhiteElo "1644"]
[BlackElo "1889"]
[PlyCount "72"]
[EventDate "2013.07.27"]
[EventType "swiss"]
[EventRounds "10"]
[EventCountry "DEN"]
[SourceTitle "CBM 155 Extra"]
[Source "ChessBase"]
[SourceDate "2013.08.26"]
[SourceVersion "1"]
[SourceVersionDate "2013.08.26"]
[SourceQuality "1"]

1. e4 c5 2. Nc3 Nc6 3. f4 e6 4. Nf3 a6 5. a4 Qc7 6. d3 d6 7. Be2 Nf6 8. 0-0 b6 9. Qe1 Nd4 10. Qh4 Nxc2 11. Rb1 Bb7 12. Bd1 Nb4 13. e5 Nfd5 14. Nxd5 Bxd5 15. d4 Be4 16. exd6 Qxd6 17. Ra1 cxd4 18. Ng5 Bg6 19. Bf3 Rc8 20. Bd2 Nd3 21. Bb7 Rc2 22. Bxa6 f6 23. Bb5+ Ke7 24. f5 Bxf5 25. Rxf5 exf5 26. Re1+ Nxe1 27. Qxe1+ Qe5 28. Bb4+ Rc5 29. Qxe5+ fxe5 30. Bxc5+ bxc5 31. Bc4 g6 32. a5 Bg7 33. Ne6 Bh6 34. Bd5 Kd6 35. Bb7 Kxe6 36. a6 c4 0-1